Vươn Chang Hằm Hát ban đêm : Dân ca Giáy Lào Cai
Giới thiệu về dân ca dân tộc Giáy, Những bài dân ca quen thuộc của người Giáy; Cách thức tiến hành của hát "Vươn Cháng Hăm" (hát đệm)
Сохранить в:
| Главный автор: | |
|---|---|
| Другие авторы: | |
| Формат: | |
| Язык: | Vietnamese |
| Опубликовано: |
H.
Thanh niên
2011
|
| Предметы: | |
| Метки: |
Добавить метку
Нет меток, Требуется 1-ая метка записи!
|
| Thư viện lưu trữ: | Mạng thư viện Đại học Đà Nẵng |
|---|
| LEADER | 01443nam a22003978a 4500 | ||
|---|---|---|---|
| 001 | 000015833 | ||
| 003 | 12217 | ||
| 005 | 20120605140628.0 | ||
| 008 | 120605s2011 b 000 0 od | ||
| 020 | |a 9786046400080 |d 500b | ||
| 041 | 0 | |a 0010 | |
| 041 | 0 | |a vie | |
| 080 | |a KV6 | ||
| 082 | |a 398.8597 |b LU-S | ||
| 084 | |a V3(1Gi)-63 |b V560C | ||
| 100 | 1 | |a Lù Dín Siềng | |
| 245 | 1 | 0 | |a Vươn Chang Hằm |b Hát ban đêm : Dân ca Giáy Lào Cai |c Lù Dín Siềng sưu tầm ; Sằn Cháng dịch, b.s |
| 260 | |a H. |b Thanh niên |c 2011 | ||
| 300 | |a 533tr |c 19cm | ||
| 500 | |a ĐTTS ghi: Hội Văn nghệ dân gian Việt Nam | ||
| 520 | |a Giới thiệu về dân ca dân tộc Giáy, Những bài dân ca quen thuộc của người Giáy; Cách thức tiến hành của hát "Vươn Cháng Hăm" (hát đệm) | ||
| 653 | |a Giáy-dân tộc | ||
| 653 | |a Văn học dân gian | ||
| 653 | |a Việt Nam | ||
| 653 | |a Dân ca | ||
| 700 | 1 | |a Sần Cháng |e Tác giả | |
| OWN | |a LSP | ||
| AVA | |a UDN50 |b LSP |d 398.8597 LU-S |e available |t Error 5001 Not defined in file expand_doc_bib_avail. |f 1 |g 0 |h N |i 0 |k 1 | ||
| 999 | |a From the UDN01 | ||
| AVA | |a UDN50 |b LSP |d 398.8597 LU-S |e available |t Error 5001 Not defined in file expand_doc_bib_avail. |f 1 |g 0 |h N |i 0 |k 1 | ||
| TYP | |a Monograph | ||
| TYP | |a Printed language | ||
| 980 | |a Mạng thư viện Đại học Đà Nẵng | ||


